Statistics for Movies that Start with the letter P

Click here to take the quiz!

General Stats

  • This quiz has been taken 17 times
  • The average score is 6 of 20

Answer Stats

DescriptionMovie% Correct
Violent tales of two mob hitmen, a boxer, a gangster and his wife, and a pair of diner bandits get intertwinedPulp Fiction
93%
Two magicians battle to create the ultimate illusion, sacrificing everythingPrestige, The
73%
Newly moved mother and daughter hide in a secret area in their house when intruders break inPanic Room
60%
In ancient Iran, a fugitive prince and princess must stop a villain who threatens with a magic daggerPrince of Persia: The Sands of Time
53%
Father of one of the two missing girls takes matters into his own hands as the police pursue multiple leadsPrisoners
40%
Blacksmith teams up with eccentric buccaneer to save the governor's daughterPirates of the Caribbean: The Curse of the Black Pearl
33%
Struggling salesman takes custody of his son as he's poised to begin a life-changing professional careerPursuit of Happiness, The
33%
High-school introvert learns to cope with his friend's suicide when he befriends his seniorsPerks of Being a Wallflower, The
27%
Publicist gets trapped in a cubicle, pinned down by an extortionist's sniper riflePhone Booth
20%
Team investigating the origin of mankind discovers a structure on a distant moon, only to realize they're not alonePrometheus
20%
Dress designer's meticulous life changes when he falls for a waitress, who becomes his muse and loverPhantom Thread
13%
Process server and his drug dealer are on the run from hitmen and a corrupt police officer after witnessing a murderPineapple Express
13%
Dying pregnant woman is brought back to life by an unorthodox surgeonPoor Things
13%
Temporal agent is tasked to travel back in time and prevent a bomb attack in New YorkPredestination
13%
Undercover FBI agent becomes a vigilante and takes his revenge on the corrupt businessmanPunisher, The
13%
Struggling singer and troubled Marine agree to marry solely for military benefitsPurple Hearts
13%
Two couples on a Hawaiian vacation discover that psychopaths are stalking and murdering tourists on the islandsPerfect Getaway, The
7%
Surgeon's apprentice disguises himself as a Jew to study at a school that does not admit ChristiansPhysician, The
7%
Retiring police detective promises to catch the killer of a young childPledge, The
7%
Altar boy is accused of murdering a priest and the truth is buried several layers deepPrimal Fear
7%

Score Distribution

Percentile by Number Answered

Percent of People with Each Score

Your Score History

You have not taken this quiz